000 00332nam a2200133Ia 4500
008 220216s9999 xx 000 0 und d
245 0 _aRubber wood - fuel or furniture ?
260 _bRubber Developments
_c1975
300 _a38-41
650 _aFurniture
650 _aRubber wood
650 _aRubber wood products
942 _cJS
999 _c68123
_d68123